| 000 | 00379nam a2200157Ia 4500 | ||
|---|---|---|---|
| 008 | 221030s9999 xx 000 0 und d | ||
| 020 | _a8120301455 | ||
| 041 | _aEnglish | ||
| 082 |
_a105.23 _bJal |
||
| 100 | _aP. Jalote | ||
| 245 | 3 | _aAn Integrated Approach To Software Engineering | |
| 260 |
_bNarosa Pub _aDelhi _c2006 |
||
| 300 | _a495 | ||
| 650 | _aComputers | ||
| 942 | _cBK | ||
| 999 |
_c3104 _d3104 |
||